La sentencia
Guardado en:
| Autor principal: | |
|---|---|
| Formato: | Libro |
| Lenguaje: | español |
| Publicado: |
Santiago
Jurídica
1996
|
| Colección: | Colección Cartillas Jurídicas
|
| Materias: | |
| Etiquetas: |
Agregar Etiqueta
Sin Etiquetas, Sea el primero en etiquetar este registro!
|
MARC
| LEADER | 00000cam a2200000 a 4500 | ||
|---|---|---|---|
| 001 | UCT3691 | ||
| 003 | CL-VaPUC | ||
| 008 | 961024e19960000CL |||||||||||||||||spa|d | ||
| 020 | |a 9561011441 | ||
| 082 | 0 | 4 | |a 345.077 |b GUZ |2 21 |
| 100 | 0 | |a Guzmán Tapia, Juan |e author |9 372659 | |
| 245 | 1 | 3 | |a La sentencia |
| 300 | |a 124 p | ||
| 942 | |c BK | ||
| 945 | |d 19961024 00:00:00 |a nastorga | ||
| 260 | |a Santiago |b Jurídica |c 1996 | ||
| 650 | 0 | |a Sentencias |9 256250 | |
| 650 | 0 | |a Derecho procesal penal |9 255496 | |
| 650 | 0 | |a Procedimiento civil |9 254870 | |
| 583 | |a last modification |c 20181003 05:41:56 |k Rodrigo Vera | ||
| 490 | 0 | |a Colección Cartillas Jurídicas | |
| 999 | |c 253248 |d 253246 | ||
| 952 | |0 0 |1 0 |4 0 |6 345_077000000000000_GUZ_1996 |7 0 |8 A |9 273912 |a BIBDER |b BIBDER |d 2019-11-19 |i 3245136 |l 1 |o 345.077 GUZ 1996 |p 3245136 |r 2023-07-03 |s 2023-07-03 |w 2019-11-19 |y BK |k DER | ||
| 952 | |0 0 |1 0 |3 erb |4 0 |6 345_077000000000000_GUZ_1996 |7 0 |8 A |9 273914 |a BIBDER |b BIBDER |e Mateluna Arestizabal, Alfredo Sergio |i 5489342 |o 345.077 GUZ 1996 |p 5489342 |r 2019-11-19 |w 2019-11-19 |y BK |z Catalogado en:20181005 |k DER | ||